000 00880nam a2200193 i 4500
001 187854
003 ES-MaACL
005 20250901234559.0
008 180316s1898 xxk |||| | eng d
110 0 _aGran Bretaña.
_bForeign Office.
_94480
245 1 0 _aSpain
_b: report for the year 1897 on the trade and commerce the Philippine islands : reference to previous report, annual series nº 1932 /
_cpresented to both Houses of Parliament by command of Her Majesty, june 1898.
260 _aLondon :
_bForeing Office,
_c1898.
300 _a14 p., 2 h. pleg. ;
_c25 cm.
490 1 _aDiplomatic and consular reports. Annual series ;
_v2133
651 7 _aFilipinas-
_xComercio exterior
_2
_9164396
830 0 _aDiplomatic and consular reports. Annual series ;
_v2133
_9192842
852 _aES-MaACL
_jT-951-F-12
_z.- Legado de González del Campillo
999 _c187854
_d187854